[Event "Benasque op"]
[Site "Benasque"]
[Date "1996.??.??"]
[Round "8"]
[White "Izeta Txabarri, Felix"]
[Black "Ferguson, Mark"]
[Result "1-0"]
[WhiteElo "2525"]
[BlackElo "2385"]

1.d4 d5 2.c4 c6 3.Nf3 Nf6 4.Nc3 dxc4 5.a4 Bf5 6.e3 e6 7.Bxc4 Bb4 8.O-O Nbd7
9.Qe2 Bg6 10.e4 Bxc3 11.bxc3 Nxe4 12.Ba3 Qc7 13.Rfe1 Nxc3 14.Qb2 Ne4 15.a5 Nd6
16.Bxe6 O-O 17.Bxd7 Nc4 18.Qb4 Nxa3 19.Rxa3 Qxd7 20.Re7 Qd5 21.Rxb7 a6 22.Rb6 Rfd8
23.h3 Be4 24.Qe7 h6 25.Ne5 Re8 26.Qb7 Qxd4 27.Qxf7+ Kh7 28.Ng4 Rf8 29.Qc7 h5
30.Qe5 Qxe5 31.Nxe5 Rf5 32.Nxc6 Rc8 33.Nd4 Rc1+ 34.Kh2 Rxf2 35.Kg3 Rd1 36.Ne6  1-0

[Event "Berliner Sommer"]
[Site "Berlin"]
[Date "1996.??.??"]
[Round "9"]
[White "Kharitonov, Andrei Y"]
[Black "Sergeev, Vladimir"]
[Result "1-0"]
[WhiteElo "2540"]
[BlackElo "2435"]

1.d4 Nf6 2.Nf3 d5 3.c4 c6 4.Nc3 dxc4 5.a4 Bf5 6.e3 e6 7.Bxc4 Bb4 8.O-O Nbd7
9.Qe2 Bg6 10.Rd1 Qe7 11.e4 Bh5 12.h3 Bxf3 13.Qxf3 e5 14.d5 O-O 15.dxc6 bxc6
16.Bg5 h6 17.Rxd7 Qxd7 18.Bxf6 gxf6 19.Rd1 Qe7 20.Qf5 Rfd8 21.Qg6+ Kf8 22.Qxh6+ Ke8
23.Nd5 Rd6 24.Nxe7 Rxd1+ 25.Kh2 Kxe7 26.Qh5 Rad8 27.Qxf7+ Kd6 28.Qxa7 Bc5
29.Qf7 Rd2 30.f3 Rxb2 31.h4 Ra8 32.Bb5 Bd4 33.Qxf6+ Kc5 34.Qxc6+ Kb4 35.Qxa8 Ka3
36.Qf8+ Ka2 37.h5 Be3 38.h6 Bf4+ 39.Qxf4 exf4 40.h7  1-0

[Event "Bermuda"]
[Site "Bermuda"]
[Date "1996.??.??"]
[Round "1"]
[White "Manion, Josh"]
[Black "Donaldson, John W"]
[Result "1/2-1/2"]
[WhiteElo "2365"]
[BlackElo "2420"]

1.d4 d5 2.c4 c6 3.Nf3 Nf6 4.Nc3 dxc4 5.a4 Bf5 6.Ne5 Nbd7 7.Nxc4 Qc7 8.g3 e5
9.dxe5 Nxe5 10.Bf4 Nfd7 11.Bg2 f6 12.O-O Rd8 13.Nxe5 Nxe5 14.Qb3 Qf7 15.Qxf7+ Kxf7
16.Rac1 Bd6 17.Ne4 Bxe4 18.Bxe4 a5 19.Bc2 Ke7 20.Bb3 Ng4 21.Bxd6+  1/2-1/2

[Event "Bern op"]
[Site "Bern"]
[Date "1996.??.??"]
[Round "5"]
[White "Moor, Olivier"]
[Black "Oberon, Oscar"]
[Result "0-1"]
[WhiteElo "2165"]
[BlackElo "1840"]

1.d4 d5 2.c4 c6 3.Nf3 Nf6 4.Nc3 dxc4 5.a4 Bf5 6.Ne5 e6 7.f3 Bb4 8.Bg5 h6
9.Bxf6 gxf6 10.Nxc4 Qe7 11.e4 Bg6 12.Be2 Na6 13.O-O Rd8 14.Ne3 Bc5 15.Bxa6 Bxd4
16.Qe2 bxa6 17.Kh1 c5 18.Rfe1 Qb7 19.Nc4 Qc7 20.Nd2 h5 21.Rac1 h4 22.b4 Qf4
23.Nf1 cxb4 24.Nb1 O-O 25.Qxa6 h3 26.Qe2 hxg2+ 27.Qxg2 Rc8 28.Rcd1 Be5 29.Qg3 Qh6
30.Qf2 b3 31.Qxa7 Rc2 32.Qg1 Ra8 33.Re3 b2 34.Red3 Rxa4 35.Rd8+ Kg7 36.Re8 Qf4
37.Qg3 Qxg3 38.hxg3 Rc1  0-1

[Event "Bern Cup"]
[Site "Bern"]
[Date "1996.??.??"]
[Round "5"]
[White "Brunner, Lucas"]
[Black "Petursson, Margeir"]
[Result "1/2-1/2"]
[WhiteElo "2510"]
[BlackElo "2585"]

1.Nf3 d5 2.d4 Nf6 3.c4 c6 4.Nc3 dxc4 5.a4 Bf5 6.Ne5 e6 7.f3 Bb4 8.e4 Bxe4
9.fxe4 Nxe4 10.Bd2 Qxd4 11.Nxe4 Qxe4+ 12.Qe2 Bxd2+ 13.Kxd2 Qd5+ 14.Kc2 Na6
15.Nxc4  1/2-1/2

[Event "Biel Credis"]
[Site "Biel"]
[Date "1996.??.??"]
[Round "5"]
[White "Kelecevic, Nedeljko"]
[Black "Pelletier, Yannick"]
[Result "1/2-1/2"]
[WhiteElo "2475"]
[BlackElo "2440"]

1.d4 d5 2.Nf3 Nf6 3.c4 c6 4.Nc3 dxc4 5.a4 Bf5 6.Ne5 e6 7.f3 Bb4 8.h4 c5 9.dxc5 Qa5
10.Qd4 Bxc5 11.Qxc4 O-O 12.e4 Bd6 13.Nd3 Bg3+ 14.Kd1 Bg6 15.Bd2 Qd8 16.Rh3 Nh5
17.Ne2 Bxh4 18.g4 Nf6 19.g5 Nxe4 20.fxe4 Bxg5 21.Nef4 Nc6 22.Nxg6 fxg6 23.Qxe6+ Kh8
24.Be2 Bxd2 25.Kxd2 Qg5+ 26.Kc3 h6 27.Qg4 Qf6+ 28.Kd2 Rad8 29.Kc1 Nd4 30.Ra3 Rc8+
31.Kb1 Rc2 32.e5 Qd8 33.Qxg6 Rxe2  1/2-1/2

[Event "SLO-chT"]
[Site "Bled"]
[Date "1996.??.??"]
[Round "4"]
[White "Rusjan, Miran"]
[Black "Kavcic, Uros"]
[Result "1-0"]
[WhiteElo "2225"]
[BlackElo "2075"]

1.d4 d5 2.c4 c6 3.Nc3 Nf6 4.Nf3 dxc4 5.a4 Bf5 6.e3 e6 7.Bxc4 Bb4 8.O-O Nbd7
9.Qe2 Nb6 10.Bb3 Bg4 11.Rd1 Bxc3 12.bxc3 Nbd5 13.Qc2 Bxf3 14.gxf3 Nh5 15.c4 Nb4
16.Qd2 Qg5+ 17.Kh1 a5 18.Ba3 O-O 19.Bxb4 axb4 20.Qxb4 Qf5 21.Rg1 Qxf3+ 22.Rg2 Rab8
23.Bd1 Qh3 24.Qc5 f5 25.Qe7 Rf7 26.Qxe6 Nf6 27.Bc2 Nd7 28.Rag1 g6 29.c5 Rf8
30.Bb3 Kh8 31.Qd6 Rg7 32.Rg3 Qh5 33.d5 Rf6 34.Qc7 f4 35.exf4 cxd5 36.Qxb7 Nxc5
37.Qc8+ Rg8 38.Qxc5 Rxf4 39.Qxd5 Qxd5+ 40.Bxd5 Rd8 41.Bc6  1-0

[Event "POL-ch (Women)"]
[Site "Brzeg Dolny"]
[Date "1996.??.??"]
[Round "5"]
[White "Henc, Renata"]
[Black "Kludacz, Magdalena"]
[Result "0-1"]
[WhiteElo "2115"]
[BlackElo "2105"]

1.d4 d5 2.c4 c6 3.Nc3 Nf6 4.Nf3 dxc4 5.a4 Bf5 6.Ne5 e6 7.e3 Nbd7 8.Nxc4 Bb4
9.Qb3 a5 10.Be2 O-O 11.O-O Qc7 12.Na2 Be7 13.f3 e5 14.dxe5 Nxe5 15.Nxe5 Qxe5
16.e4 Bc5+ 17.Kh1 Bd6 18.g3 Nh5 19.f4 Bxe4+ 20.Kg1 Bc5+ 21.Be3 Qe6 22.Qc3 Qh3
23.Rf2 Bxe3 24.Qxe3 Rfe8 25.Nc3 Bd5 26.Qd3 Nf6 27.Nxd5 Nxd5 28.Bf3 Rad8 29.Rd1 Qd7
30.Rfd2 Qe7 31.Qd4 Rd7 32.Bg4 Rd6 33.Qc5 Qe3+ 34.Qxe3 Rxe3 35.Kf2 Re4 36.Bf3 Rxa4
37.Bxd5 Rxd5 38.Rxd5 cxd5 39.Rxd5 g6 40.Rb5 Rb4 41.Rxb4 axb4 42.Ke3 Kg7 43.Kd4 Kf6
44.g4 Ke6 45.b3 h6 46.h3 f5 47.g5 hxg5 48.fxg5 Kd6 49.h4 Ke6 50.Ke3 Ke5 51.Kf3 f4
52.Kg4 Ke4 53.h5 gxh5+ 54.Kxh5 f3 55.g6 f2 56.g7 f1=Q 57.Kh6 Qh3+ 58.Kg6 Qg4+  0-1

[Event "Budapest FS09 GM"]
[Site "Budapest"]
[Date "1996.??.??"]
[Round "1"]
[White "Peter, Ambrus"]
[Black "Acs, Peter"]
[Result "1-0"]
[WhiteElo "2435"]
[BlackElo "2410"]

1.d4 d5 2.c4 c6 3.Nf3 Nf6 4.Nc3 dxc4 5.a4 Bf5 6.Ne5 e6 7.f3 Bb4 8.e4 Bxe4
9.fxe4 Nxe4 10.Bd2 Qxd4 11.Nxe4 Qxe4+ 12.Qe2 Bxd2+ 13.Kxd2 Qd5+ 14.Kc2 Na6
15.Nxc4 O-O-O 16.Qe5 f6 17.Qxd5 cxd5 18.Na5 Nc7 19.Kd2 e5 20.Be2 f5 21.Rhc1 Kb8
22.Rc5 Rd7 23.Rac1 a6 24.Nb3 Ne6 25.Ra5 Rd6 26.Rc3 Rc8 27.Nc5 d4 28.Nxa6+ bxa6
29.Rxc8+ Kxc8 30.Bxa6+ Kc7 31.Bc4 e4 32.Rxf5 e3+ 33.Kd3 Nd8 34.a5 Nc6 35.Rc5 Kd8
36.Rb5 Ke7 37.a6 Kf6 38.Ke2 Ne5 39.a7 Nxc4 40.a8=Q d3+ 41.Kf3 Ne5+ 42.Rxe5 Kxe5
43.Kxe3 d2 44.Qe4+  1-0

[Event "Budapest FS02 GM"]
[Site "Budapest"]
[Date "1996.??.??"]
[Round "3"]
[White "Dao Thien Hai"]
[Black "Varga, Peter"]
[Result "1-0"]
[WhiteElo "2560"]
[BlackElo "2420"]

1.d4 d5 2.c4 c6 3.Nf3 Nf6 4.Nc3 dxc4 5.a4 Bf5 6.Ne5 e6 7.g3 Bb4 8.Bg2 Be4
9.f3 Bg6 10.e4 c5 11.dxc5 Qxd1+ 12.Kxd1 Bxc5 13.Nb5 Na6 14.Ke2 Nd7 15.Nxc4 Ke7
16.Rd1 Nb4 17.Bf4 f6 18.Bh3 Rad8 19.Bc7 Rc8 20.Rd2 Nb6 21.Nxb6 axb6 22.Rad1 Be8
23.Bd6+ Bxd6 24.Nxd6 Rc7 25.b3 Bc6 26.Nc4 b5 27.Nb6 bxa4 28.bxa4 Na6 29.Kf2 Nc5
30.a5 Re8 31.Kg1 Bb5 32.Rb1 Bc6 33.Rc2 Nd7 34.Nd5+ exd5 35.exd5 Ra8 36.Rd1 Kd8
37.dxc6 bxc6 38.Rcd2 Raa7 39.a6 c5 40.Rxd7+ Rxd7 41.Rxd7+ Rxd7 42.Bxd7 Kxd7  1-0

[Event "Budapest FS09 GM"]
[Site "Budapest"]
[Date "1996.??.??"]
[Round "4"]
[White "Varga, Zoltan"]
[Black "Lukacs, Peter"]
[Result "1/2-1/2"]
[WhiteElo "2450"]
[BlackElo "2475"]

1.d4 d5 2.c4 c6 3.Nf3 Nf6 4.Nc3 dxc4 5.a4 Bf5 6.Ne5 e6 7.f3 Bb4 8.e4 Bxe4
9.fxe4 Nxe4 10.Bd2 Qxd4 11.Nxe4 Qxe4+ 12.Qe2 Bxd2+ 13.Kxd2 Qd5+ 14.Kc2 Na6
15.Nxc4 O-O-O 16.Qe5 f6 17.Qe3 Kb8 18.Be2 e5 19.Rad1 Qxg2 20.Rhg1 Qxh2 21.Rh1 Qg2  1/2-1/2

[Event "Budapest FS02 GM"]
[Site "Budapest"]
[Date "1996.??.??"]
[Round "5"]
[White "Dao Thien Hai"]
[Black "Acs, Peter"]
[Result "1-0"]
[WhiteElo "2560"]
[BlackElo "2440"]

1.d4 d5 2.c4 c6 3.Nf3 Nf6 4.Nc3 dxc4 5.a4 Bf5 6.e3 e6 7.Bxc4 Bb4 8.O-O Nbd7
9.Qe2 Bg6 10.e4 O-O 11.Bd3 Bh5 12.Rd1 e5 13.Be3 Qe7 14.h3 Rad8 15.Bc2 exd4
16.Bxd4 Bc5 17.g4 Nxg4 18.hxg4 Bxg4 19.e5 Bxd4 20.Rxd4 Bxf3 21.Qxf3 Nxe5
22.Qh3 Nf3+ 23.Kg2 Ng5 24.Bxh7+ Kh8 25.Qh5 g6 26.Bxg6+ Kg7 27.Rg4 fxg6 28.Qxg5 Qxg5
29.Rxg5 Rd2 30.Ne4 Rxb2 31.Rd1 Rf4 32.Re5 Re2 33.Rd7+ Kh6 34.Rde7 Ra2 35.Kg3 Rf5
36.R5e6 Ra1 37.Kg2 Rxa4 38.Rxb7 Rf4 39.f3 Ra2+ 40.Kg3 Rf8 41.Ree7  1-0

[Event "Budapest FS05 GM"]
[Site "Budapest"]
[Date "1996.??.??"]
[Round "6"]
[White "Wilhelmi, Christian"]
[Black "Horvath, Csaba"]
[Result "1/2-1/2"]
[WhiteElo "2325"]
[BlackElo "2540"]

1.Nf3 Nf6 2.c4 c6 3.d4 d5 4.Nc3 dxc4 5.a4 Bf5 6.e3 e6 7.Bxc4 Bb4 8.O-O O-O
9.Qb3 Qe7 10.Nh4 Bg4 11.f3 Bh5 12.g4 Bg6 13.Nxg6 hxg6 14.e4 Nbd7 15.Kg2 e5
16.d5 Bxc3 17.dxc6 Bd4 18.cxd7 Nxd7 19.Bd2 Nc5 20.Qa3 a5 21.Rac1 b6 22.Bd5 Ra7
23.Rc4 g5 24.Be3 Bxe3 25.Qxe3 g6 26.h4 Ne6 27.Bxe6 Qxe6 28.Rfc1 gxh4 29.Qh6 Qe7
30.g5 Rd7 31.Qxh4 Rd2+ 32.Kg3 f5 33.gxf6 Qxf6 34.Qxf6 Rxf6 35.Rc6 Rxc6 36.Rxc6 Rxb2
37.Rxg6+ Kf7 38.Rh6 Rb3 39.Kg4 Ke7 40.Kf5 Rxf3+ 41.Kxe5 Ra3 42.Rxb6 Rxa4
43.Rb7+ Kf8  1/2-1/2

[Event "Budapest FS03 GM"]
[Site "Budapest"]
[Date "1996.??.??"]
[Round "7"]
[White "Volzhin, Alexander"]
[Black "Namgilov, Sogto"]
[Result "1/2-1/2"]
[WhiteElo "2485"]
[BlackElo "2425"]

1.d4 d5 2.c4 c6 3.Nc3 Nf6 4.Nf3 dxc4 5.a4 Bf5 6.Ne5 e6 7.f3 Bb4 8.e4 Bxe4
9.fxe4 Nxe4 10.Bd2 Qxd4 11.Nxe4 Qxe4+ 12.Qe2 Bxd2+ 13.Kxd2 Qd5+ 14.Kc3 b5
15.Rd1 Qc5 16.axb5 O-O 17.Qe4 cxb5 18.Qxa8 Qxe5+ 19.Kc2 Qf5+ 20.Kc1 Qg5+
21.Kc2 Na6 22.Qe4 Nc5 23.Qf3 e5 24.Be2 Qg6+ 25.Kd2 Nb3+ 26.Ke1 Nd4 27.Qd5 Re8
28.Rf1 h6 29.Bf3 Nc2+ 30.Kd2 Nb4 31.Qd7 Rf8 32.Ke2 e4 33.Bg4 Nd3 34.Bh3 Qh5+
35.Qg4 Qe5 36.Rd2 e3 37.Rc2 Nb4 38.Rc3 Nd5 39.Rc2 Qxh2 40.Qf5 Qd6 41.Rcc1 Ne7
42.Qe4 Qd2+ 43.Kf3 Nd5 44.g3 Nf6 45.Qxe3 Qd5+ 46.Kf2 Re8 47.Qf3 Qd4+ 48.Kg2 Qxb2+
49.Kh1 a5 50.Rce1 Rf8 51.Rb1 Qe5 52.Qf5 Qxf5 53.Rxf5 Ne4 54.Rfxb5 Nc3 55.Bf5 g6
56.Rxa5 Nxb1 57.Bxb1 Re8 58.Kg2 Re1 59.Rb5 c3 60.Kf3 Rf1+ 61.Ke2 Rg1 62.Kf3 Rf1+
63.Ke2  1/2-1/2

[Event "Budapest FS02 GM"]
[Site "Budapest"]
[Date "1996.??.??"]
[Round "11"]
[White "Lukacs, Peter"]
[Black "Varga, Peter"]
[Result "1-0"]
[WhiteElo "2440"]
[BlackElo "2420"]

1.d4 d5 2.c4 c6 3.Nf3 Nf6 4.Nc3 dxc4 5.a4 Bf5 6.Nh4 e6 7.Nxf5 exf5 8.e3 Bb4
9.Bxc4 O-O 10.O-O Nbd7 11.Qc2 g6 12.f3 Qb6 13.Kh1 a5 14.Qf2 c5 15.Nb5 Qc6
16.d5 Nxd5 17.Bxd5 Qxd5 18.Nc7 Qb3 19.Nxa8 Rxa8 20.e4 fxe4 21.fxe4 Qe6 22.Bh6 Ne5
23.h3 Nd3 24.Qh4 c4 25.Rf6 Qe8 26.Rf3 Be7 27.Qg3 Qc6 28.b3 f6 29.bxc4 Ne5
30.Rb3 Qxe4 31.Rb5 Qc6 32.Qb3 Nf7 33.Rxb7 Bb4 34.Rxf7 Kxf7 35.c5+ Qe6 36.Qf3 Re8
37.c6 Bd6 38.Rf1 Qe5 39.Qb3+ Qe6 40.Qb7+ Re7 41.Qa8 Qe5 42.Qf8+ Ke6 43.Qg8+ Rf7
44.Qc8+ Kd5 45.Rd1+ Kc5 46.Be3+ Qxe3 47.Qa6 Kb4 48.Qb5+ Kc3 49.Qd5 Bc7 50.Rb1 Re7
51.Qb3+ Kd4 52.Rd1+ Ke4 53.Qxe3+ Kxe3 54.Re1+  1-0

[Event "Budapest FS02 GM"]
[Site "Budapest"]
[Date "1996.??.??"]
[Round "13"]
[White "Lukacs, Peter"]
[Black "Acs, Peter"]
[Result "1/2-1/2"]
[WhiteElo "2440"]
[BlackElo "2440"]

1.d4 d5 2.c4 c6 3.Nf3 Nf6 4.Nc3 dxc4 5.a4 Bf5 6.e3 e6 7.Bxc4 Bb4 8.O-O Nbd7
9.Qe2 O-O 10.e4 Bg6 11.Bd3 Bh5 12.Bf4 Re8 13.e5 Nd5 14.Nxd5 cxd5 15.h3 Be7
16.Rfc1 Bg6 17.Bxg6 hxg6 18.Qb5 Rb8 19.Bd2 a6 20.Qd3 Ra8 21.Qb3 Qb6 22.Qxb6 Nxb6
23.Rc7 Rab8 24.b3 Kf8 25.Bg5 Bb4 26.Bd2 Be7 27.Bg5  1/2-1/2

[Event "Buenos Aires tt"]
[Site "Buenos Aires"]
[Date "1996.??.??"]
[Round "4"]
[White "Conlazo Zavalia, Eusebio"]
[Black "Ferrara, Alexis"]
[Result "1/2-1/2"]
[WhiteElo "2100"]
[BlackElo "2210"]

1.d4 d5 2.Nf3 Nf6 3.c4 c6 4.Nc3 dxc4 5.a4 Bf5 6.Ne5 e6 7.Nxc4 c5 8.e3 Nc6
9.Ne5 cxd4 10.Nxc6 bxc6 11.exd4 Bb4 12.Be2 Ne4 13.Bf3 O-O 14.Bxe4 Bxe4 15.O-O Bg6
16.Be3 Qh4 17.Rc1 Rfd8 18.Qf3 Bxc3 19.bxc3 Be4 20.Qg3 Qxg3 21.hxg3 a6 22.f3 Bg6
23.Bf4 Ra7 24.Rf2 Rb7 25.Rcc2 Rd5  1/2-1/2

[Event "Cairo op"]
[Site "Cairo"]
[Date "1996.??.??"]
[Round "2"]
[White "Terhorst, Jochen"]
[Black "Frhat, Ali"]
[Result "0-1"]
[WhiteElo "2220"]
[BlackElo "2220"]

1.d4 d5 2.Nf3 Nf6 3.c4 c6 4.Nc3 dxc4 5.a4 Bf5 6.Ne5 e6 7.g3 Bb4 8.Bg2 Ne4
9.O-O Nxc3 10.bxc3 Bxc3 11.Ba3 Qxd4 12.Nxc4 Qxc4 13.Qd6 Bf6 14.Rfd1 e5 15.Qc7 Nd7
16.Rab1 c5 17.Bxb7 O-O 18.Bxa8 Bxb1 19.Rxb1 Nb6 20.Bxc5 Nxa4 21.Rb5 a6 22.Ra5 Rxa8
23.Qc6 Rd8 24.Rxa4 Qxe2 25.Rxa6 Rd1+ 26.Kg2 Qf1+ 27.Kf3 e4+ 28.Kxe4 Qe2+
29.Kf4 h5 30.Qc8+ Rd8 31.Qc6 Be5+ 32.Kf5 g6+ 33.Kg5 Qg4+ 34.Kh6 Bg7+  0-1

[Event "Calcutta op"]
[Site "Calcutta"]
[Date "1996.??.??"]
[Round "1"]
[White "Babu, N Sudhakar"]
[Black "Ganguly, Surya Shekhar"]
[Result "1/2-1/2"]
[WhiteElo "2445"]
[BlackElo "2265"]

1.Nf3 Nf6 2.c4 c6 3.Nc3 d5 4.d4 dxc4 5.a4 Bf5 6.Nh4 Bc8 7.Nf3 Bf5 8.Ne5 e6
9.f3 Bb4 10.Bg5 c5 11.dxc5 Qxd1+ 12.Kxd1 Nbd7 13.Nxc4 O-O 14.e4 Bg6 15.Na2 Bxc5
16.b4 Bd4 17.Rc1 Ne5 18.Nxe5 Bxe5 19.Bc4 Nd7 20.Ke2 a5 21.Bb5 Nb6 22.Be7 Rfb8
23.Bc5 Nc8 24.bxa5 Bc7 25.Be3 Be5 26.Bd2 Nd6 27.Nb4 f6 28.Nd3 Bd4 29.Nf4 Nxb5
30.axb5 Be8 31.Rb1 Kf7 32.Rhc1 Rc8 33.Kd3 Be5 34.Rxc8 Rxc8 35.Ne2 Rc5 36.b6 Bb5+
37.Ke3 Ba6 38.f4 Bd6 39.Rc1 Rxc1 40.Nxc1 Bc5+ 41.Kf3 Bc4 42.Ne2 Ke7 43.Bc3 g6  1/2-1/2

[Event "Calcutta op"]
[Site "Calcutta"]
[Date "1996.??.??"]
[Round "3"]
[White "Ravi, Lanka"]
[Black "Ganguly, Surya Shekhar"]
[Result "1/2-1/2"]
[WhiteElo "2390"]
[BlackElo "2265"]

1.d4 d5 2.c4 c6 3.Nf3 Nf6 4.Nc3 dxc4 5.a4 Bf5 6.e3 e6 7.Bxc4 Bb4 8.O-O Nbd7
9.Qe2 Bg6 10.e4 Bxc3 11.bxc3 Nxe4 12.Ba3 Nb6 13.Bb3 Qc7 14.Qb2 Nd6 15.Ne5 O-O
16.c4 Nd7 17.d5 exd5 18.cxd5 Nxe5 19.Qxe5 c5 20.Rac1 b6 21.Bb2 f6 22.Qg3 Kh8
23.Rfe1 Rad8 24.h4 Qd7 25.Kh2 Ne4 26.Qf4 Qd6 27.Qxd6 Nxd6 28.g4 Rfe8 29.h5 Bf7
30.h6 Rxe1 31.Rxe1 Re8 32.Rxe8+ Bxe8 33.Bc1 Bf7 34.Bf4 Nb7 35.hxg7+ Kxg7
36.Bb8 a6 37.Bc4 b5 38.axb5 axb5 39.Bxb5 Bxd5 40.Kg3 c4 41.Kf4 Nc5 42.Ba7 Nd3+
43.Ke3 Ne5 44.Kf4 c3 45.Ba4 Bc6 46.Bb3 Nd3+ 47.Ke3 Nb4 48.Bd4 c2 49.Kd2  1/2-1/2

[Event "WLS-ch"]
[Site "Cardiff"]
[Date "1996.??.??"]
[Round "2"]
[White "Binks, Michael"]
[Black "Summers, C."]
[Result "1-0"]
[WhiteElo "2100"]
[BlackElo "2055"]

1.d4 Nf6 2.c4 c6 3.Nc3 d5 4.Nf3 dxc4 5.a4 Bf5 6.e3 e6 7.Bxc4 Nbd7 8.O-O Nb6
9.Bd3 Bxd3 10.Qxd3 Nbd5 11.e4 Nb4 12.Qe2 Be7 13.h3 O-O 14.Be3 a5 15.Ne5 Nd7
16.Nc4 Qc7 17.Rac1 Qd8 18.Rfd1 Ra6 19.d5 exd5 20.exd5 cxd5 21.Nxd5 Nxd5 22.Rxd5 Qe8
23.Rxa5 Re6 24.Qf3 b6 25.Rb5 Bd8 26.Rd1 Bc7 27.Qb7 Qb8 28.Qxb8 Nxb8 29.Bxb6 Bf4
30.g3 Bh6 31.Rbd5 Nc6 32.Rd6 Rfe8 33.Rxe6 Rxe6 34.b4 g6 35.b5 Nb4 36.Rd8+ Kg7
37.Bc5  1-0

[Event "Catalunya-chT"]
[Site "Catalunya"]
[Date "1996.??.??"]
[Round "?"]
[White "Comas Fabrego, Luis"]
[Black "Gual Pascual, Antonio"]
[Result "1/2-1/2"]
[WhiteElo "2470"]
[BlackElo "2390"]

1.d4 d5 2.c4 c6 3.Nf3 Nf6 4.Nc3 dxc4 5.a4 Bf5 6.e3 e6 7.Bxc4 Bb4 8.O-O Nbd7
9.Qe2 O-O 10.e4 Bg6 11.Bd3 Bh5 12.e5 Nd5 13.Nxd5 cxd5 14.Qe3 Be7 15.Ng5 Bxg5
16.Qxg5 Qxg5 17.Bxg5 Nb8 18.Bd2 Nc6 19.Bc3 Bg6 20.Be2 Rfc8 21.a5 Rc7 22.Rfd1 Rac8
23.Rd2 h6 24.h3 b6 25.axb6 axb6 26.Ra6 Rb8 27.f3 b5 28.Ba5 Nxa5 29.Rxa5 b4
30.Kf2 b3 31.Ke3 Rc1 32.Rc5 Rg1 33.Bd1 Ra8 34.Bxb3 Raa1 35.Re2 Rae1 36.Bc2 Kh7
37.Rxe1 Rxe1+ 38.Kf2 Ra1 39.Bxg6+ Kxg6 40.Rb5 h5 41.h4 Rd1 42.Ke3 Rg1  1/2-1/2

[Event "Catalunya-chT"]
[Site "Catalunya"]
[Date "1996.??.??"]
[Round "?"]
[White "Campos Moreno, Javier B"]
[Black "Gual Pascual, Antonio"]
[Result "1/2-1/2"]
[WhiteElo "2475"]
[BlackElo "2390"]

1.d4 d5 2.c4 c6 3.Nf3 Nf6 4.Nc3 dxc4 5.a4 Bf5 6.e3 e6 7.Bxc4 Bb4 8.O-O Nbd7
9.Qe2 O-O 10.e4 Bg6 11.Bd3 Bh5 12.e5 Nd5 13.Nxd5 cxd5 14.Qe3 Be7 15.Ne1  1/2-1/2

[Event "Ceske Budejovice op"]
[Site "Ceske Budejovice"]
[Date "1996.??.??"]
[Round "2"]
[White "Tratar, Marko"]
[Black "Mitura, Vaclav"]
[Result "1/2-1/2"]
[WhiteElo "2420"]
[BlackElo "2225"]

1.Nf3 d5 2.d4 c6 3.c4 Nf6 4.Nc3 dxc4 5.a4 Bf5 6.Ne5 e6 7.f3 c5 8.e4 cxd4
9.exf5 Nc6 10.Nxc6 bxc6 11.fxe6 fxe6 12.Bxc4 dxc3 13.Qe2 cxb2 14.Qxe6+ Qe7
15.Bxb2 Qxe6+ 16.Bxe6 Bb4+ 17.Ke2 Ke7 18.Ba2 Rhd8 19.Rhd1 Nd5 20.Bxd5 Rxd5
21.Rxd5 cxd5 22.Kd3 Rc8 23.Bxg7 Rg8 24.Bd4 Rxg2 25.Bxa7 Rxh2 26.a5 Rd2+ 27.Ke3 Bc3
28.Ra3 d4+ 29.Bxd4 Rxd4 30.Rxc3 Ra4 31.Rc5 Kf7 32.f4 Kg6 33.Rg5+ Kf6 34.Kf3 Ra3+
35.Kg4 Ra4 36.Rb5 Kf7 37.Kf5 h5 38.Rb7+ Kf8 39.Ra7 h4 40.Kg5 h3 41.f5 h2
42.Rh7 Rxa5 43.Rxh2 Ra6 44.Rb2  1/2-1/2

[Event "Ceske Budejovice op"]
[Site "Ceske Budejovice"]
[Date "1996.??.??"]
[Round "4"]
[White "Tratar, Marko"]
[Black "Gibiec, Ernest"]
[Result "1-0"]
[WhiteElo "2420"]
[BlackElo "2230"]

1.Nf3 d5 2.d4 Nf6 3.c4 c6 4.Nc3 dxc4 5.a4 Bf5 6.Ne5 Nbd7 7.Nxc4 Qc7 8.g3 e5
9.dxe5 Nxe5 10.Bf4 Rd8 11.Qc1 Bd6 12.Nxd6+ Qxd6 13.Bg2 Qe7 14.O-O a5 15.Nd1 Nfd7
16.Ne3 Be6 17.Qc3 f6 18.Qxa5 Nc5 19.Rad1 Kf7 20.Bxe5 Ra8 21.Bd6  1-0

[Event "Ceske Budejovice op"]
[Site "Ceske Budejovice"]
[Date "1996.??.??"]
[Round "4"]
[White "Adamek, Zdenek"]
[Black "Maiorov, Oleg"]
[Result "0-1"]
[WhiteElo "2120"]
[BlackElo "2470"]

1.d4 Nf6 2.Nf3 d5 3.c4 c6 4.Nc3 dxc4 5.a4 Bf5 6.e3 e6 7.Bxc4 Bb4 8.O-O Nbd7
9.Qe2 Bg6 10.e4 Bxc3 11.bxc3 Nxe4 12.Ba3 Qc7 13.Rac1 O-O-O 14.Bd3 Nef6 15.c4 c5
16.Rfd1 Bh5 17.Bb1 cxd4 18.c5 Bxf3 19.Qxf3 Ne5 20.Qe2 Nc6 21.Bd3 Nd5 22.Bb2 Nf4
23.Qf1 Nxd3 24.Qxd3 Rd5 25.Qb5 Rhd8 26.Ra1 Qa5  0-1

[Event "Ceske Budejovice op"]
[Site "Ceske Budejovice"]
[Date "1996.??.??"]
[Round "8"]
[White "Lingnau, Carsten"]
[Black "Gibiec, Ernest"]
[Result "0-1"]
[WhiteElo "2380"]
[BlackElo "2230"]

1.Nf3 d5 2.d4 Nf6 3.c4 c6 4.Nc3 dxc4 5.a4 Bf5 6.Ne5 Na6 7.e3 Nb4 8.Bxc4 e6
9.O-O Be7 10.Qe2 h6 11.Rd1 O-O 12.e4 Bh7 13.Bf4 Re8 14.Rd2 Bd6 15.Qf3 Qc7
16.Bxh6 Bxe5 17.dxe5 Qxe5 18.Bf4 Qc5 19.Qe2 Red8 20.Rad1 Rxd2 21.Rxd2 a5
22.Be3 Qe7 23.Bg5 Qc5 24.Be3 Qe7 25.f3 Rd8 26.Bb6 Rxd2 27.Qxd2 Nd7 28.Be3 Bg6
29.Bf2 f6 30.Qd4 Bf7 31.Qa7 Ne5 32.Bf1 Nbd3 33.Qxa5 Nxb2 34.Qc5 Qd7 35.Qd4 Qxd4
36.Bxd4 Nec4 37.Bc5 e5 38.Kf2 b6 39.Be3 Nxe3 40.Kxe3 Bb3 41.Ba6 Nxa4 42.Nb1 Nc5
43.Bc8 Kf7 44.Bh3 Ne6 45.Nd2 Ba2 46.g3 b5 47.Bf1 Nd4 48.Kd3 Nxf3  0-1

[Event "Cetinje"]
[Site "Cetinje"]
[Date "1996.??.??"]
[Round "?"]
[White "Blagojevic, Dragisa"]
[Black "Kirov, Nino"]
[Result "1-0"]
[WhiteElo "2450"]
[BlackElo "2435"]

1.d4 d5 2.c4 c6 3.Nf3 Nf6 4.Nc3 dxc4 5.a4 Bf5 6.Ne5 Nbd7 7.Nxc4 Nb6 8.Ne5 a5
9.g3 Nfd7 10.Nd3 Nd5 11.Bg2 Nb4 12.e4 Bg4 13.f3 Be6 14.Nxb4 axb4 15.d5 Bxd5
16.Nxd5 cxd5 17.exd5 Nb6 18.f4 Ra5 19.d6 exd6 20.Bxb7 Qd7 21.Qf3 d5 22.Qe3+ Qe6
23.Bc6+ Kd8 24.Qxe6 fxe6 25.b3 Rc5 26.Bb5 Rc3 27.Rb1 Nc8 28.Bd2 Rc7 29.Bd3 Bd6
30.Ke2 g6 31.Rbc1 Re8 32.Rxc7 Kxc7 33.Rc1+ Kb7 34.a5 Re7 35.Be3 Rc7 36.a6+ Kb8
37.Rxc7 Bxc7 38.Bb5 e5 39.fxe5 Bxe5 40.Bc5  1-0

[Event "Ciego de Avila"]
[Site "Ciego de Avila"]
[Date "1996.??.??"]
[Round "8"]
[White "Minero Pineda, Sergio"]
[Black "Rivera, Alberto"]
[Result "1-0"]
[WhiteElo "2405"]
[BlackElo "2445"]

1.d4 d5 2.c4 c6 3.Nf3 Nf6 4.Nc3 dxc4 5.a4 Bf5 6.e3 Nbd7 7.Bxc4 e6 8.O-O Be7
9.Qe2 Nb6 10.Bb3 Nbd5 11.Ne5 O-O 12.g4 Bg6 13.h4 Bd6 14.h5 Nxh5 15.gxh5 Bxe5
16.Bxd5 Bh2+ 17.Kxh2 Qh4+ 18.Kg1 Bxh5 19.Bf3 Qg5+ 20.Kh2 Qh4+ 21.Kg2 Qg5+
22.Kh3 Bxf3 23.Qxf3 f5 24.Ne2 Rf6 25.Ng3 h5 26.Qf4 Qg6 27.Kg2 Qf7 28.Rh1 Rg6
29.Qh4 e5 30.Qxh5 Qd5+ 31.Qf3 e4 32.Qh5 Kf7 33.Rh4 Kf6 34.Rf4 Rg5 35.Qxg5+ Kxg5
36.Rxf5+ Qxf5 37.Nxf5 Kxf5 38.Bd2 Rd8 39.Rh1 Rd5 40.Rh5+ g5 41.Rh7  1-0

[Event "CZE-chT 9596"]
[Site "?"]
[Date "1996.??.??"]
[Round "3"]
[White "Orsag, Milan"]
[Black "Mitura, Vaclav"]
[Result "1-0"]
[WhiteElo "2410"]
[BlackElo "2230"]

1.d4 d5 2.Nf3 c6 3.c4 Nf6 4.Nc3 dxc4 5.a4 Bf5 6.e3 e6 7.Bxc4 Bb4 8.O-O O-O
9.Qe2 Bg6 10.Rd1 a5 11.h3 Qe7 12.Ne5 Nbd7 13.Nxg6 hxg6 14.e4 e5 15.dxe5 Nxe5
16.Ba2 Rad8 17.Be3 Ned7 18.Bf4 Ne5 19.Rac1 Nfd7 20.Qe3 Nc5 21.Rxd8 Rxd8 22.Bg5 Qc7
23.Bxd8 Qxd8 24.Rd1 Qf6 25.f4 Ned7 26.Kh1 Nf8 27.e5 Qh4 28.Kh2 Nce6 29.g3 Qh5
30.Qe2 Qh6 31.Qg4 Bc5 32.Ne4 Bb6 33.Nd6  1-0

[Event "CZE-chT 9596"]
[Site "?"]
[Date "1996.??.??"]
[Round "6"]
[White "Michenka, Jozef"]
[Black "Cerny, Martin"]
[Result "0-1"]
[WhiteElo "2380"]
[BlackElo "2300"]

1.d4 d5 2.c4 c6 3.Nc3 Nf6 4.Nf3 dxc4 5.a4 Bf5 6.e3 e6 7.Bxc4 Bb4 8.O-O O-O
9.Nh4 Nbd7 10.Qb3 Qb6 11.Rd1 Rad8 12.Bd2 a5 13.f3 Bg6 14.Kh1 e5 15.Be1 exd4
16.exd4 Qc7 17.Nxg6 hxg6 18.Bg3 Qc8 19.Na2 Nh5 20.Bh4 Bd6 21.Bxd8 Qxd8 22.g3 Qg5
23.f4 Qh6 24.Qf3 Ndf6 25.Nc3 g5 26.fxg5 Qxg5 27.Rg1 Qd2 28.Qd3 Qh6 29.Rae1 Ng4
30.Re2 Nhf6 31.Ne4 Nxe4 32.Qxe4 Qh5 33.Qf3 g6 34.Rf1 Kg7 35.Qb3 f5 36.Qxb7+ Kh6
37.Qb3 Re8 38.Qf3 Rxe2 39.Qxe2 Bxg3 40.Rg1 Bxh2 41.Rxg4 Bf4+ 42.Kg1 fxg4
43.Be6 Qh3 44.Kf2 Qg3+ 45.Kf1 Be3 46.Qg2 Qf4+ 47.Ke2 Bxd4 48.Bxg4 Bxb2 49.Bf3 Qc4+
50.Kf2 Bd4+ 51.Kg3 Be5+ 52.Kh3 Qd3 53.Qg4 Kg7 54.Kg2 c5 55.Qe6 Qc2+ 56.Kf1 Qd3+
57.Kg2 Qd2+ 58.Kf1 Qd6 59.Qb3 Bd4 60.Qb7+ Kh6 61.Qa8 Qg3 62.Qf8+ Kg5 63.Qe7+ Kh6
64.Qf8+ Bg7 65.Qf7 c4 66.Be4 c3 67.Ke2 Qh2+ 68.Kf1 Qd6 69.Ke2 Qf6 70.Qc7 Qh4
71.Qc6 Bf6 72.Kf3 Qh5+ 73.Ke3 Qe5 74.Kf3 Kg5 75.Kg2 Kf4 76.Bd3 Ke3 77.Bxg6 Qg5+
78.Kf1 Qf4+ 79.Kg2 Qg4+ 80.Kf1 Qe2+ 81.Kg1 Qf2+ 82.Kh1 Qf3+ 83.Qxf3+ Kxf3  0-1

[Event "CZE-chT1 9596"]
[Site "CZE"]
[Date "1996.??.??"]
[Round "?"]
[White "Pesout, Jan"]
[Black "Snorek, Milan"]
[Result "1-0"]
[WhiteElo "2260"]
[BlackElo "2195"]

1.Nf3 Nf6 2.c4 c6 3.Nc3 d5 4.d4 dxc4 5.a4 Bf5 6.e3 e6 7.Bxc4 Bb4 8.O-O O-O
9.Qe2 Nbd7 10.e4 Bg6 11.e5 Nd5 12.Ne4 a6 13.Bg5 Be7 14.Bd2 b5 15.Bd3 Nb4
16.Bxb4 Bxb4 17.Rfc1 Nb6 18.Rxc6 Nxa4 19.b3 Qd5 20.Rac1 Qxb3 21.Nh4 Qd5 22.Nxg6 hxg6
23.Qe3 Be7 24.Nd6 Qb3 25.Rc7 Bxd6 26.exd6 Rad8 27.R1c6 Nb2 28.Be2 Qd5 29.Qe5 Qa2
30.h4 Qa1+ 31.Kh2 Qe1 32.Qe3 Qb4 33.d7 Qe7 34.Qg5 f6 35.Qc5 Qxc5 36.dxc5 Kf7
37.Rxa6 Nc4 38.Rb7 Ke7 39.Rxb5 Ne5 40.c6  1-0